Convenio sobre diversidad biológica. (Registro nro. 20719)

Detalles MARC
000 -CABECERA
Campo de control 00704nam a22002057a 4500
005 - FECHA Y HORA DE LA ULTIMA TRANSACCION
Campo de control 20200124063901.0
008 - ELEMENTOS DE LONGITUD FIJA—INFORMACION GENERAL
Campo de control 200124b xxu||||| |||| 00| 0 spa d
040 ## - FUENTE DE CATALOGACIÓN
Agencia catalogadora original CO-BoIAVH
Agencia transcriptora CO-BoIAVH
041 ## - IDIOMA
Código de idioma para texto/pista de sonido o título separado Español
082 ## - NUMERO DE CLASIFICACION DECIMAL DEWEY
Número de clasificación 333.9514028
Número del ítem Se25c
110 ## - ASIENTO PRINCIPAL--NOMBRE CORPORATIVO
9 (RLIN) 102317
Nombre corporativo o de jurisdicción como elemento de entrada Secretaría General de las Naciones Unidas
245 ## - MENCION DE TITULO
Título Convenio sobre diversidad biológica.
Parte restante del título Textos y anexos.
260 ## - PUBLICACION, DISTRIBUCION, ETC. (PIE DE IMPRENTA)
Lugar de publicación, distribución, etc. s.l.:
Nombre del editor, distribuidor, etc. Secretaria del Convenio sobre la Diversidad Biológica,
Fecha de publicación, distribución, etc. 2001.
300 ## - DESCRIPCION FISICA
Extensión 41 Páginas:
Dimensiones 21 x 14 cm.
650 #0 - ASIENTO SECUNDARIO DE MATERIA - TERMINO TEMATICO
9 (RLIN) 55559
Término temático o nombre geográfico como elemento de entrada Conservación de la diversidad biológica
650 #0 - ASIENTO SECUNDARIO DE MATERIA - TERMINO TEMATICO
9 (RLIN) 8551
Término temático o nombre geográfico como elemento de entrada Recursos biológicos
650 #0 - ASIENTO SECUNDARIO DE MATERIA - TERMINO TEMATICO
9 (RLIN) 54
Término temático o nombre geográfico como elemento de entrada Biodiversidad
650 #0 - ASIENTO SECUNDARIO DE MATERIA - TERMINO TEMATICO
9 (RLIN) 3518
Término temático o nombre geográfico como elemento de entrada Sostenibilidad
942 ## - ELEMENTOS ADICIONALES (KOHA)
Sistema de clasificación Dewey Decimal Classification
Tipo de ítem Libro
Existencias
Withdrawn status Lost status Sistema de Clasificación Damaged status No para préstamo Colección Ubicación Permanente Ubicación actual Fecha de adquisición Total Checkouts Número topográfico Inventario / Código de Barras Date last seen Ejemplar Price effective from Forma de adquisición Tipo de material
    Dewey Decimal Classification     General Bogotá Bogotá 24/01/2020   LB-333.9514028 Se25c 044011 24/01/2020 Ej.1 24/01/2020 Canje Libro